LEADER 02377nam0 22004453i 450 001 CFI0008939 005 20251003044107.0 010 $a8814002010 020 $aIT$b84-11060 100 $a20190412d1984 ||||0itac50 ba 101 | $aita 102 $ait 181 1$6z01$ai $bxxxe 182 1$6z01$an 183 1$6z01$anc$2RDAcarrier 200 1 $aˆL'‰esecuzione ultra partes$fFrancesco Paolo Luiso 210 $aMilano$cA. Giuffrè$d1984 215 $aXI, 429 p.$d25 cm. 225 | $aPubblicazioni della Facoltà di giurisprudenza della Università di Pisa$v85$i. Istituto di diritto processuale civile$v5 410 0$1001CFI0032345$12001 $aPubblicazioni della Facoltà di giurisprudenza della Università di Pisa$i. Istituto di diritto processuale civile$v5$171201$aUniversità di Pisa$b : Istituto di diritto processuale civile$3CFIV018854 606 $aProcesso di esecuzione$2FIR$3CFIC001671$9I 606 $aEsecuzione forzata$2FIR$3CFIC006514$9E 606 $aTitoli esecutivi$2FIR$3CFIC008710$9I 676 $a347$9Diritto processuale civile e tribunali civili$v12 676 $a347.45077$9PROCESSO CIVILE. SENTENZE. ITALIA$v23 696 $aProcesso esecutivo$aProcesso d'esecuzione$aProcesso di esecuzione 699 $aEsecuzione forzata$yProcesso esecutivo 699 $aEsecuzione forzata$yProcesso d'esecuzione 699 $aEsecuzione forzata$zProcesso di esecuzione 700 1$aLuiso$b, Francesco P.$3CFIV018850$4070$0231919 790 1$aLuiso$b, Francesco Paolo$f <1947- >$3CFIV179366$zLuiso, Francesco P. 801 3$aIT$bIT-000000$c20190412 850 $aIT-BN0095 901 $bNAP 01$cD $n$ 901 $bNAP 01$cPOZZO LIB.$nVi sono collocati fondi di economia, periodici di ingegneria e scienze, periodici di economia e statistica e altri fondi comprendenti documenti di economia pervenuti in dono. 912 $aCFI0008939 950 0$aBiblioteca Centralizzata di Ateneo$c1 v.$d 01D (AR) 5 618$e 01AR 0070056185 VMA A4 1 v.$fY $h20230529$i20230529$lFondo Chiomenti$mEx Libris$c1 v.$d 01POZZO LIB.ECON MON 5535$e 0101 0060085375E VMA 1 v. (Precedente collocazione GUERRAZZI C 32)$fB $h20220627$i20220627 977 $a 01 996 $aEsecuzione ultra partes$961726 997 $aUNISANNIO